000 00745cam a22002654a 4500
001 13389557
005 20180829044649.0
008 031030s2005 ohua b 001 0 eng
010 _a 2003114843
020 _a032418803X (hbk.)
020 _a0324227175 (intl. ed.)
035 _a(DLC) 2003114843
040 _aDLC
_cDLC
_dDLC
041 _aeng
042 _apcc
080 _a657
082 0 0 _a657
_222
100 1 _a61
101 _aKTF
245 1 0 _aFinancial accounting /
_cCarl S. Warren, James M. Reeve, Philip E. Fess.
504 _aIncludes bibliographical references and index.
906 _a7
_bcbc
_corignew
_d2
_eepcn
_f20
_gy-gencatlg
942 _2ddc
_cBK
999 _c47398
_d47398